000 00793nam a22002055i 4500
001 172812
003 ES-MaACL
005 20230906215036.0
008 090910s1998 sp |||| | spa d
080 _a012 Spinoza, Baruch
100 1 _aDomínguez, Atilano.
_945153
245 1 0 _aCatálogo de la colección Spinoza (1785-1921) de la Real Academia de Jurisprudencia y de otras bibliotecas de Madrid /
_cAtilano Domínguez.
260 _aCiudad Real :
_bSeminario Spinoza, Departamento de Filosofía,
_c1998.
300 _a20 p. ;
_c22 cm.
490 1 _aCuadernos del Seminario Spinoza ;
_v10
600 1 4 _aSpinoza, Benedictus de-
_xBibliografías.
_9141246
830 0 _aCuadernos del Seminario Spinoza ;
_v10
_9189168
852 _aES-MaACL
_j2300-F-24
_9R.145217
999 _c172812
_d172812